logo

Bir Sreshtho Munshi Abdur Rouf Library
Jhenaidah Cadet College

পবিত্র বাইবেল : (Record no. 6629)

MARC details
000 -LEADER
fixed length control field 00791nam a2200217 a 4500
001 - CONTROL NUMBER
JCCL Control Number 6629
003 - CONTROL NUMBER IDENTIFIER
JCCL marc code BD-JhCC
005 - DATE AND TIME OF LATEST TRANSACTION
control field 20180128104600.0
008 - FIXED-LENGTH DATA ELEMENTS--GENERAL INFORMATION
fixed length control field 180127s bg |||| |||| 000 0 ben d
035 ## - SYSTEM CONTROL NUMBER
system control number (BD-JhCC) 6629
040 ## - CATALOGING SOURCE
Original cataloging agency BD-JhCC
Modifying agency BD-JhCC
041 ## - LANGUAGE CODE
Language code of Book ben
082 ## - DEWEY DECIMAL CLASSIFICATION NUMBER
Author mark and Year HOL 1972
Classification number 220.5203
245 ## - TITLE STATEMENT
Title পবিত্র বাইবেল :
Statement of responsibility, etc পুরাতন ও নতুন নিয়ম /
Remainder of title বাংলাদেশ বাইবেল সোসাইটি,
260 ## - PUBLICATION, DISTRIBUTION, ETC. (IMPRINT)
Place of publication, distribution, etc ঢাকা :
Name of publisher, distributor, etc বাংলাদেশ বাইবেল সোসাইটি,
Date of publication, distribution, etc 1972
300 ## - PHYSICAL DESCRIPTION
Pagination ১৩৭৩ পৃ :
Dimensions ২১ সেমি.
650 ## - SUBJECT ADDED ENTRY--TOPICAL TERM
Topical term or geographic name as entry element The Bible
710 ## - ADDED ENTRY--CORPORATE NAME
Corporate name or jurisdiction name as entry element বাংলাদেশ বাইবেল সোসাইটি,
942 ## - ADDED ENTRY ELEMENTS (KOHA)
Source of classification or shelving scheme Dewey Decimal Classification
Koha item type Books
Holdings
Source of classification or shelving scheme Damaged status Not for loan Home library Current library Shelving location Total Checkouts Full call number Barcode Date last seen Copy number Koha item type
Dewey Decimal Classification     JCC Rouf Library JCC Rouf Library General Stacks   220.5203 HOL 1972 8989 01/27/2018 C - 1 Books

JCC Library | Contacts | JCC Home

Last Update on 23 September 2017
Copyright @ 2017-2020 JCC Rouf Library
Rouf Library, Jhenidah Cadet College (JCC), Bangladesh